[Event "Muensterland Verbandsklasse 1617"]
[Site "Germany"]
[Date "2017.02.11"]
[Round "6.5"]
[White "Miethe, Christoph"]
[Black "Westhues, Ralf"]
[Result "1/2-1/2"]
[WhiteElo "1722"]
[BlackElo "1614"]
[PlyCount "48"]
[EventDate "2016.09.24"]
[EventType "team"]
[EventRounds "9"]
[EventCountry "GER"]
[SourceTitle "EXT 2018"]
[Source "ChessBase"]
[SourceDate "2017.10.13"]
[SourceVersion "1"]
[SourceVersionDate "2017.10.13"]
[SourceQuality "1"]
[WhiteTeam "Rheine Klein Berlin II"]
[BlackTeam "Sendenhorst"]
[WhiteTeamCountry "GER"]
[BlackTeamCountry "GER"]

1. e4 c5 2. c3 Nc6 3. d4 cxd4 4. cxd4 d5 5. e5 Qb6 6. Nf3 Bg4 7. Nc3 e6 8. Bb5 Bb4 9. Bxc6+ Qxc6 10. Bd2 Ne7 11. h3 Bh5 12. g4 Bg6 13. Rc1 0-0 14. 0-0 Qe8 15. a3 Bxc3 16. Bxc3 Nc6 17. Nh4 Qd8 18. Nxg6 fxg6 19. Qd3 Rf4 20. Qe3 Re4 21. Qd3 Qb6 22. Rcd1 Rf8 23. Kg2 Ref4 24. f3 Qb3 1/2-1/2

[Event "Muensterland Verbandsklasse 1617"]
[Site "Germany"]
[Date "2016.12.10"]
[Round "4.6"]
[White "Westhues, Ralf"]
[Black "Scharlow, Siegmar"]
[Result "1/2-1/2"]
[WhiteElo "1614"]
[BlackElo "1703"]
[PlyCount "50"]
[EventDate "2016.09.24"]
[EventType "team"]
[EventRounds "9"]
[EventCountry "GER"]
[SourceTitle "EXT 2018"]
[Source "ChessBase"]
[SourceDate "2017.10.13"]
[SourceVersion "1"]
[SourceVersionDate "2017.10.13"]
[SourceQuality "1"]
[WhiteTeam "Sendenhorst"]
[BlackTeam "Nienberge II"]
[WhiteTeamCountry "GER"]
[BlackTeamCountry "GER"]

1. Nf3 d5 2. c4 Nf6 3. g3 dxc4 4. Qa4+ Nc6 5. Qxc4 e5 6. Bg2 Bd6 7. 0-0 0-0 8. Nc3 a6 9. d3 h6 10. Rd1 Be6 11. Qa4 b5 12. Qc2 Nb4 13. Qb1 c5 14. Ne1 Rc8 15. Nc2 Nbd5 16. Nxd5 Bxd5 17. Ne3 Bxg2 18. Kxg2 Qd7 19. b3 Rfe8 20. Bb2 Ng4 21. Nxg4 Qxg4 22. Qc2 Bb8 23. a4 b4 24. f3 Qe6 25. Qc4 Ba7 1/2-1/2

[Event "Muensterland Verbandsklasse-A 0203"]
[Site "Muensterland"]
[Date "2002.12.14"]
[Round "4.8"]
[White "Westhues, Ralf"]
[Black "Thiry, Franz Josef"]
[Result "1/2-1/2"]
[WhiteElo "1646"]
[BlackElo "1566"]
[PlyCount "115"]
[EventDate "2002.09.28"]
[EventType "team"]
[EventRounds "9"]
[EventCountry "GER"]
[SourceTitle "EXT 2004"]
[Source "ChessBase"]
[SourceDate "2003.11.25"]
[SourceVersion "1"]
[SourceVersionDate "2003.11.25"]
[SourceQuality "1"]
[WhiteTeam "Sendenhorst"]
[BlackTeam "Muenster SK V"]
[WhiteTeamCountry "GER"]
[BlackTeamCountry "GER"]

1. f4 Nc6 2. e4 d5 3. e5 e6 4. d4 Be7 5. Nf3 Nh6 6. c3 Nf5 7. Bd3 g6 8. 0-0 b6 9. Qe2 Bb7 10. Nbd2 Qd7 11. Rf2 0-0-0 12. Bb5 Bh4 13. Rf1 Be7 14. a4 Kb8 15. a5 h6 16. Rd1 g5 17. Nf1 Rdg8 18. Bd2 g4 19. Ne1 g3 20. h3 Nfxd4 21. cxd4 Nxd4 22. Bxd7 Nxe2+ 23. Kh1 Bc5 24. Nc2 c6 25. f5 Nd4 26. Nxd4 Bxd4 27. Bc3 Bxc3 28. bxc3 exf5 29. Bxf5 Rg5 30. Bg4 h5 31. Bf3 h4 32. Re1 Re8 33. axb6 axb6 34. Kg1 Rgxe5 35. Rxe5 Rxe5 36. Kh1 b5 37. Kg1 Kc7 38. Rc1 f5 39. Kh1 Kb6 40. Kg1 f4 41. Nd2 Bc8 42. Kf1 Be6 43. Re1 Rxe1+ 44. Kxe1 b4 45. cxb4 Kb5 46. Bg4 Bf7 47. Nf3 Kxb4 48. Kd2 c5 49. Nxh4 c4 50. Bf5 d4 51. Nf3 d3 52. Be4 Bh5 53. Ne1 Be8 54. Bxd3 c3+ 55. Ke2 Bh5+ 56. Nf3 Kb3 57. Be4 Kb2 58. h4 1/2-1/2